Best Actor/Best Actress Combos - Statistics

General Stats
  • This quiz has been taken 233 times
  • The average score is 9 of 20
Answer Stats
Film % Correct
Anthony Hopkins
64%
Jack Nicholson
64%
Jodie Foster
63%
The Silence of the Lambs
63%
Katharine Hepburn
62%
One Flew Over the Cuckoo's Nest
55%
Helen Hunt
54%
As Good as It Gets
52%
Clark Gable
52%
Henry Fonda
51%
Jane Fonda
50%
It Happened One Night
41%
Louise Fletcher
41%
On Golden Pond
40%
Claudette Colbert
36%
Faye Dunaway
36%
Network
36%
Peter Finch
30%
Coming Home
28%
Jon Voight
28%
No matching quizzes found
Score Distribution
Percent of People with Each Score
Percentile by Number Answered
Your Score History
You have not taken this quiz